LEADER 01076cam0-2200337---450- 001 990004268370403321 005 20151027095855.0 010 $a88-420-3544-0 035 $a000426837 035 $aFED01000426837 035 $a(Aleph)000426837FED01 035 $a000426837 100 $a19990604d1990----km-y0itay50------ba 101 1 $aita$ceng 105 $aa-------001yy 200 1 $a<>corpo come metafora$erappresentazioni della donna nella Grecia antica$fPage Dubois 210 $aRoma ; Bari$cLaterza$d1990 215 $aXVIII, 313 p.$cill.$d21 cm 225 1 $aQuadrante$v30 454 0$12001$aSowing the body$epsychoanalysis and ancient representations of women$922895 610 0 $aDonna$aRappresentazione$aGrecia antica 676 $a305.40938$v22$zita 700 1$aDuBois,$bPage$0224110 801 0$aIT$bUNINA$gRICA$2UNIMARC 901 $aBK 912 $a990004268370403321 952 $a305.409 DUB 1 BIS$bBibl. 21039$fFLFBC 952 $a305.409 DUB 1$bDip.f.m.4711$fFLFBC 959 $aFLFBC 996 $aSowing the body$922895 997 $aUNINA